Universidad Católica de Valparaíso
Furkejuvvon:
| Materiálatiipa: | Girji |
|---|---|
| Giella: | espánnjágiella |
| Almmustuhtton: |
Valparaíso
Dirección de Extensión y Difusión. Vice Rectoría de Desarrollo Universidad Católica de Valparaíso
1998
|
| Fáttát: | |
| Fáddágilkorat: |
Lasit fáddágilkoriid
Eai fáddágilkorat, Lasit vuosttaš fáddágilkora!
|
MARC
| LEADER | 00000cam a2200000 a 4500 | ||
|---|---|---|---|
| 001 | UCF6481 | ||
| 003 | CL-VaPUC | ||
| 008 | 130425e19980900CL |||||||||||||||||spa|d | ||
| 082 | 0 | 4 | |a 378.83 |b UNI |2 21 |
| 245 | 1 | 0 | |a Universidad Católica de Valparaíso |
| 300 | |a 31 p | ||
| 942 | |c BK | ||
| 945 | |d 20130425 00:00:00 |a dcastane | ||
| 260 | |a Valparaíso |b Dirección de Extensión y Difusión. Vice Rectoría de Desarrollo Universidad Católica de Valparaíso |c 1998 | ||
| 650 | 0 | |a Educación superior |9 223851 | |
| 650 | 0 | |a Universidades chilenas |9 407335 | |
| 650 | 0 | |a Universidades |9 256317 | |
| 583 | |a last modification |c 20130425 11:23:00 |k Rodrigo Vera | ||
| 999 | |c 351659 |d 351657 | ||
| 952 | |0 0 |1 0 |4 0 |6 378_830000000000000_UNI_1998 |7 0 |8 X |9 455896 |a FDOBUD |b FDOBUD |d 2019-11-22 |i 4968034 |o 378.83 UNI 1998 |p 4968034 |r 2019-11-22 |w 2019-11-22 |y BK_X |k FHP | ||